000 00957nam a2200277 i 4500
001 bg
245 0 0 _aGotowe wystąpienia i teksty okolicznościowe dla kadry kierowniczej :
_bpraktyka komunikowania się i budowy wizerunku.
_nT.2 /
_c[Piotr Andrzejewski et al.] ; pod red. Piotra Andrzejewskiego.
250 _aAktualizacja bieżąca.
260 _aPoznań :
_b"Forum",
_c1999-.
300 _aSkoroszyt ;
_c21 cm.
650 9 _aWystąpienia i prezentacje
650 9 _aRetoryka
650 9 _aPublic relations
_xporadnik
650 9 _aKomunikacja społeczna
655 _aPoradniki
700 1 _aANDRZEJESKI, Piotr
020 _a8390933381 (ed. podst.)
020 _a8388850482 (aktualiz. marzec 2002)
040 _cBPK
041 0 _apl
080 _a659.4:808.5:316.47:316.77](083.1)
920 _a83-909333-8-1 (ed. podst.)
920 _a83-88850-48-2 (aktualiz. marzec 2002)
942 _cKA
008 s pl f |000 0 pol
999 _c35036
_d35036
856 _uhttp://koha.tu.koszalin.pl/cgi-bin/koha/opac-detail.pl?biblionumber=35036
_yKatalog online BPK